[Event "Online Olym Div4 A"]
[Site "Chess.com INT"]
[Date "2021.08.22"]
[Round "10.1"]
[White "Gillani, Tunveer MD"]
[Black "Hj, Azahari Md Aliuddin"]
[Result "0-1"]
[WhiteElo "2266"]
[BlackElo "1960"]
[PlyCount "140"]
[EventDate "2021.08.20"]
[EventType "team (rapid)"]
[EventRounds "11"]
[EventCountry "USA"]
[SourceTitle "CBM 203 Extra"]
[Source "ChessBase"]
[SourceDate "2021.09.30"]
[SourceVersion "1"]
[SourceVersionDate "2021.09.30"]
[SourceQuality "1"]
[WhiteTeam "Pakistan"]
[BlackTeam "Brunei"]
[WhiteTeamCountry "PAK"]
[BlackTeamCountry "BRN"]

1. e4 e5 2. Nf3 Nc6 3. Bb5 a6 4. Bxc6 dxc6 5. h3 Ne7 6. 0-0 Ng6 7. d4 exd4 8. Nxd4 c5 9. Ne2 Qxd1 10. Rxd1 Bd6 11. Nbc3 0-0 12. a4 f5 13. f3 Be6 14. Be3 b6 15. Rd2 Rae8 16. Rad1 fxe4 17. Nxe4 Be5 18. N2c3 Bxc3 19. Nxc3 Bxh3 20. Bxc5 bxc5 21. gxh3 Ne5 22. Rd5 Nxf3+ 23. Kg2 Ne1+ 24. Kg1 Nxc2 25. Rxc5 Ne3 26. Rd7 Rf1+ 27. Kh2 Ref8 28. Ne4 Rb1 29. h4 Rxb2+ 30. Kh3 Rf3+ 31. Ng3 h6 32. Rcxc7 Nf5 33. Kg4 Rxg3+ 34. Kxf5 Rb4 35. Rd8+ Kh7 36. Rcc8 Rf3+ 37. Ke5 Rxh4 38. Rh8+ Kg6 39. Rc6+ Rf6 40. Rc1 Rxa4 41. Rg1+ Kf7 42. Ra8 Ra5+ 43. Ke4 Re6+ 44. Kd4 g5 45. Rf1+ Rf6 46. Rc1 Rf4+ 47. Ke3 Kg6 48. Rg8+ Kf5 49. Rh8 h5 50. Rxh5 Rh4 51. Rxh4 gxh4 52. Kf3 Ra3+ 53. Kg2 h3+ 54. Kh2 a5 55. Rc8 a4 56. Ra8 Ke5 57. Ra7 Kd4 58. Ra8 Kc4 59. Rc8+ Kd3 60. Kxh3 Rc3 61. Ra8 Kc2+ 62. Kg2 a3 63. Kf2 Kb2 64. Ke2 a2 65. Kd2 Rb3 66. Rc8 a1Q 67. Rc2+ Ka3 68. Rc4 Qa2+ 69. Rc2 Rb2 70. Rxb2 Qxb2+ 0-1

[Event "Online Olym Div4 A"]
[Site "Chess.com INT"]
[Date "2021.08.21"]
[Round "4.1"]
[White "Gillani, Tunveer MD"]
[Black "Khairallah, Faisal"]
[Result "1-0"]
[WhiteElo "2266"]
[BlackElo "2247"]
[PlyCount "87"]
[EventDate "2021.08.20"]
[EventType "team (rapid)"]
[EventRounds "11"]
[EventCountry "USA"]
[SourceTitle "CBM 203 Extra"]
[Source "ChessBase"]
[SourceDate "2021.09.30"]
[SourceVersion "1"]
[SourceVersionDate "2021.09.30"]
[SourceQuality "1"]
[WhiteTeam "Pakistan"]
[BlackTeam "Lebanon"]
[WhiteTeamCountry "PAK"]
[BlackTeamCountry "LBN"]

1. e4 c5 2. Nc3 Nc6 3. f4 g6 4. Nf3 Bg7 5. Bb5 Nd4 6. 0-0 a6 7. Bc4 e6 8. d3 Ne7 9. Nxd4 cxd4 10. Ne2 d5 11. Bb3 dxe4 12. dxe4 0-0 13. Qd3 Nc6 14. Bd2 Qb6 15. Kh1 Bd7 16. Rad1 Rad8 17. a3 Na5 18. Bb4 Rfe8 19. Qd2 Nc6 20. Bd6 Na5 21. Bb4 Nc6 22. Bd6 Na5 23. e5 Nxb3 24. cxb3 Bb5 25. Rf3 Bxe2 26. Qxe2 Bf8 27. Bxf8 Rxf8 28. b4 Rd7 29. Rfd3 Rfd8 30. Qd2 Rd5 31. Kg1 Qa7 32. Kf1 b5 33. Rc1 Qb7 34. Qc2 Qe7 35. Qf2 f6 36. exf6 Qxf6 37. Rc6 Rf5 38. g3 g5 39. Qe2 gxf4 40. Rxe6 fxg3+ 41. Ke1 Rf1+ 42. Qxf1 Qxe6+ 43. Kd2 Rf8 44. Rxg3+ 1-0

[Event "Online Olym Div4 A"]
[Site "Chess.com INT"]
[Date "2021.08.21"]
[Round "6.1"]
[White "Gillani, Tunveer MD"]
[Black "Pillay, Ragul Snega"]
[Result "1-0"]
[WhiteElo "2266"]
[BlackElo "1341"]
[PlyCount "47"]
[EventDate "2021.08.20"]
[EventType "team (rapid)"]
[EventRounds "11"]
[EventCountry "USA"]
[SourceTitle "CBM 203 Extra"]
[Source "ChessBase"]
[SourceDate "2021.09.30"]
[SourceVersion "1"]
[SourceVersionDate "2021.09.30"]
[SourceQuality "1"]
[WhiteTeam "Pakistan"]
[BlackTeam "Seychelles"]
[WhiteTeamCountry "PAK"]
[BlackTeamCountry "SEY"]

1. e4 c5 2. Nc3 g6 3. d4 b6 4. dxc5 bxc5 5. Nf3 Bg7 6. Qd5 Nc6 7. Qxc5 Bb7 8. Bc4 Nf6 9. e5 Ng4 10. Bxf7+ Kxf7 11. Qc4+ e6 12. Qxg4 Rf8 13. Bf4 Nb4 14. 0-0-0 Nd5 15. Bd2 Rc8 16. Rhe1 Qc7 17. h4 h5 18. Qd4 a5 19. Qd3 Nb4 20. Ng5+ Ke7 21. Qxg6 Nxa2+ 22. Nxa2 Bh8 23. Qh7+ Kd8 24. Bxa5 1-0

[Event "Online Olym Div4 A"]
[Site "Chess.com INT"]
[Date "2021.08.21"]
[Round "7.1"]
[White "Nabeel, Abdul Mushin"]
[Black "Gillani, Tunveer MD"]
[Result "0-1"]
[WhiteElo "1314"]
[BlackElo "2266"]
[PlyCount "56"]
[EventDate "2021.08.20"]
[EventType "team (rapid)"]
[EventRounds "11"]
[EventCountry "USA"]
[SourceTitle "CBM 203 Extra"]
[Source "ChessBase"]
[SourceDate "2021.09.30"]
[SourceVersion "1"]
[SourceVersionDate "2021.09.30"]
[SourceQuality "1"]
[WhiteTeam "Maldives"]
[BlackTeam "Pakistan"]
[WhiteTeamCountry "MDV"]
[BlackTeamCountry "PAK"]

1. e4 c5 2. Nf3 Nc6 3. d4 cxd4 4. Nxd4 e5 5. Nf5 d5 6. Ng3 Nf6 7. exd5 Qxd5 8. Qxd5 Nxd5 9. c3 Be6 10. Bd3 0-0-0 11. Nd2 Nxc3 12. Bxh7 Nxa2 13. Be4 Nxc1 14. Rxc1 Bb4 15. Ngf1 Rd4 16. Bxc6 bxc6 17. Ke2 Rhd8 18. Nb1 Bc4+ 19. Kf3 e4+ 20. Ke3 Bc5 21. Ng3 Rd2+ 22. Kxe4 Re8+ 23. Kf4 Rxf2+ 24. Kg5 Be3+ 25. Kg4 Be6+ 26. Kh4 Rf4+ 27. Kg5 Rc4+ 28. Kh5 g6# 0-1

[Event "SCO National Chess Online"]
[Site "Chess.com INT"]
[Date "2020.09.26"]
[Round "1.2"]
[White "Esenbek Uulu, Ilimbek"]
[Black "Gillani, Tunveer MD"]
[Result "1-0"]
[WhiteElo "2190"]
[BlackElo "2266"]
[PlyCount "161"]
[EventDate "2020.09.26"]
[EventType "team (rapid)"]
[EventRounds "9"]
[EventCountry "USA"]
[SourceTitle "CBM 198 Extra"]
[Source "ChessBase"]
[SourceDate "2020.11.30"]
[SourceVersion "1"]
[SourceVersionDate "2020.11.30"]
[SourceQuality "1"]
[WhiteTeam "Kyrgyzstan "]
[BlackTeam "Pakistan "]
[WhiteTeamCountry "KGZ"]
[BlackTeamCountry "PAK"]

1. e4 c5 2. Nf3 Nc6 3. Bb5 e6 4. Bxc6 bxc6 5. 0-0 d5 6. Nc3 Nf6 7. e5 Nd7 8. d3 Rb8 9. Re1 Be7 10. b3 Rb4 11. Ba3 Rg4 12. h3 Rg6 13. Na4 Qa5 14. c4 0-0 15. Bb2 Rd8 16. Bc3 Qc7 17. Qc1 Nb6 18. Ba5 Qb7 19. cxd5 Rxd5 20. Nb2 c4 21. Bxb6 axb6 22. dxc4 Rd7 23. Qf4 Ba3 24. Rab1 b5 25. h4 h5 26. Ng5 Qa7 27. Qf3 Rd4 28. g3 Rg4 29. Nd3 f6 30. exf6 Rxf6 31. Qe3 Qxe3 32. Rxe3 bxc4 33. Ne5 Rd4 34. bxc4 Bc5 35. Rb8 Rd1+ 36. Kg2 Rd8 37. Rf3 Bd6 38. Nxc6 Bxb8 39. Nxd8 e5 40. Rb3 Bc7 41. Rd3 Bb6 42. Ne4 Rf8 43. Nc6 Bb7 44. Ne7+ Kf7 45. Nd5 Bxd5 46. Rxd5 Bd4 47. c5 Ra8 48. c6 Ke6 49. Rd6+ Ke7 50. Rd7+ Ke6 51. Ng5+ Kf6 52. c7 Rc8 53. Ne4+ Ke6 54. Rxg7 Kd5 55. f3 Bb6 56. Nf6+ Ke6 57. Nxh5 Bxc7 58. Rg6+ Kd5 59. Nf6+ Kd4 60. Ne4 Ra8 61. Rc6 Rxa2+ 62. Kh3 Bb8 63. h5 Kd5 64. Rc8 Rb2 65. h6 Rb6 66. Rd8+ Kc4 67. Kg4 Rxh6 68. Rxb8 Kd3 69. Rb3+ Kc4 70. Ra3 Rh8 71. Kf5 Kd4 72. g4 Rf8+ 73. Nf6 Rb8 74. g5 Rb5 75. Ra4+ Ke3 76. Re4+ Kxf3 77. g6 Rb7 78. Rxe5 Rg7 79. Nh5 Rg8 80. g7 Ra8 81. Nf6 1-0

[Event "Asia zt 3.2"]
[Site "New Delhi"]
[Date "2009.08.12"]
[Round "6"]
[White "Gillani, Tunveer MD"]
[Black "Hapuarachchi, HLM"]
[Result "0-1"]
[WhiteElo "2276"]
[BlackElo "2001"]
[PlyCount "116"]
[EventDate "2009.08.09"]
[EventType "tourn"]
[EventRounds "13"]
[EventCountry "IND"]
[EventCategory "3"]
[SourceTitle "CBM 131 Extra"]
[Source "ChessBase"]
[SourceDate "2009.09.03"]
[SourceVersion "2"]
[SourceVersionDate "2009.09.16"]
[SourceQuality "1"]

1. b3 Nf6 2. Bb2 d5 3. e3 Bf5 4. Nf3 e6 5. Nc3 h6 6. h3 a6 7. d3 c5 8. g4 Bh7 9. Bg2 Nc6 10. Ne2 Qa5+ 11. Bc3 Qc7 12. Ng3 d4 13. exd4 Nd5 14. Bb2 cxd4 15. Nxd4 Bb4+ 16. Kf1 Nc3 17. Bxc6+ bxc6 18. Qf3 Nd5 19. Nh5 0-0-0 20. a3 Bc5 21. Re1 Rhf8 22. b4 Ba7 23. Qg3 g6 24. Qxc7+ Kxc7 25. Ng3 Nxb4 26. axb4 Bxd4 27. c3 Bb6 28. d4 g5 29. h4 Bg6 30. Bc1 Rg8 31. Kg2 Bd3 32. hxg5 hxg5 33. Rh5 Rd5 34. Re5 Bg6 35. Rh6 Rxe5 36. dxe5 Rd8 37. Bxg5 Rd3 38. c4 Bd4 39. Bf6 Rd2 40. Nh1 Be4+ 41. Kg3 Rb2 42. Kf4 Bg6 43. Kg5 Rxb4 44. f4 Rxc4 45. Rxg6 fxg6 46. Kxg6 a5 47. Kf7 a4 48. g5 a3 49. g6 Ra4 50. Be7 a2 51. g7 Ra8 52. Bf8 a1Q 53. g8Q Qxh1 54. Qg7 Qh3 55. Be7 Qf5+ 56. Bf6 Kb6 57. Qg3 Ra7+ 58. Kg8 Qh7+ 0-1

[Event "Asia Clubs 1st"]
[Site "Al Ain"]
[Date "2008.12.28"]
[Round "4"]
[White "Gillani, Tunveer MD"]
[Black "Mohamed, Nawfal"]
[Result "0-1"]
[WhiteElo "2283"]
[BlackElo "2275"]
[PlyCount "148"]
[EventDate "2008.12.25"]
[EventType "team-swiss"]
[EventRounds "7"]
[EventCountry "UAE"]
[SourceTitle "CBM 127 Extra"]
[Source "ChessBase"]
[SourceDate "2009.01.08"]
[SourceVersion "2"]
[SourceVersionDate "2009.01.28"]
[SourceQuality "1"]

1. e4 c5 2. Nc3 Nc6 3. Bb5 Nd4 4. Bc4 g6 5. f4 Bg7 6. Nf3 e6 7. Nxd4 cxd4 8. Nb5 d5 9. exd5 exd5 10. Be2 a6 11. Na3 Ne7 12. 0-0 0-0 13. c3 Bf5 14. cxd4 Nc6 15. Nc2 Re8 16. d3 Nxd4 17. Nxd4 Bxd4+ 18. Kh1 Qh4 19. g3 Qf6 20. Bf3 Bh3 21. Re1 Qf5 22. Re2 Kg7 23. Bd2 Qxd3 24. Rxe8 Rxe8 25. Bc3 Qxd1+ 26. Rxd1 Bxc3 27. bxc3 Be6 28. a4 Rc8 29. Bxd5 Bxd5+ 30. Rxd5 Rxc3 31. Rd7 b5 32. axb5 axb5 33. Rb7 Rb3 34. Kg2 h5 35. Rb6 b4 36. Rb8 Rb1 37. Rb5 b3 38. h3 Kf6 39. Rb7 Ke6 40. g4 h4 41. Rb5 Rb2+ 42. Kf1 Kd6 43. Ke1 Kc6 44. Rb8 Kd5 45. Rb7 f5 46. gxf5 gxf5 47. Kd1 Ke4 48. Rb4+ Kf3 49. Kc1 Rc2+ 50. Kd1 Rc3 51. Kd2 Re3 52. Rb5 Re2+ 53. Kd1 b2 54. Rb3+ Re3 55. Rxb2 Kxf4 56. Rb5 Rxh3 57. Ke2 Ra3 58. Kf2 Kg4 59. Rb8 Ra2+ 60. Kf1 f4 61. Rb7 Kg3 62. Rg7+ Kf3 63. Kg1 Ra1+ 64. Kh2 Rd1 65. Rc7 Ke3 66. Re7+ Kf2 67. Re5 f3 68. Re8 Kf1 69. Re3 f2 70. Re8 Re1 71. Ra8 Ke2 72. Ra2+ Kf3 73. Ra3+ Ke4 74. Ra4+ Kd5 0-1

[Event "Commonwealth-ch"]
[Site "New Delhi"]
[Date "2007.12.08"]
[Round "8"]
[White "Gillani, Tunveer MD"]
[Black "Girinath, PDS"]
[Result "1/2-1/2"]
[WhiteElo "2300"]
[BlackElo "2448"]
[PlyCount "106"]
[EventDate "2007.12.03"]
[EventType "swiss"]
[EventRounds "10"]
[EventCountry "IND"]
[SourceTitle "CBM 121 Extra"]
[Source "ChessBase"]
[SourceDate "2008.01.10"]
[SourceVersion "1"]
[SourceVersionDate "2008.01.10"]
[SourceQuality "1"]

1. b3 f5 2. Bb2 Nf6 3. e3 e6 4. h3 b6 5. Be2 Bb7 6. Bf3 Nc6 7. g4 Qe7 8. Nc3 0-0-0 9. Qe2 d5 10. 0-0-0 Kb8 11. d4 g6 12. Bg2 h5 13. g5 Ne4 14. Bxe4 fxe4 15. f4 Qd7 16. Qe1 Ne7 17. Kb1 Nf5 18. h4 Rh7 19. Rh3 Qc8 20. Na4 Bc6 21. Nc3 Ka8 22. Nge2 Qa6 23. Ng3 Bb7 24. Nxf5 exf5 25. Qf1 Rhd7 26. Qxa6 Bxa6 27. Rh2 c5 28. Rhd2 c4 29. Rc1 Rc8 30. Rdd1 Kb7 31. a3 cxb3 32. cxb3 Bd3+ 33. Ka2 a6 34. Na4 Ra8 35. Ba1 a5 36. Rc3 Bb5 37. Nb2 Bd6 38. Rdc1 Rc7 39. Nd1 a4 40. Rxc7+ Bxc7 41. b4 Bc4+ 42. Kb1 Bd6 43. Bc3 Bb3 44. Nb2 Rc8 45. Bd2 Re8 46. Rc3 Rd8 47. Rc1 Rd7 48. Rc3 Rd8 49. Rc1 Rd7 50. Rc3 Rd8 51. Rc1 Ka6 52. Rc6 Kb5 53. Rc1 Re8 1/2-1/2

[Event "Commonwealth-ch"]
[Site "New Delhi"]
[Date "2007.12.05"]
[Round "4"]
[White "Gillani, Tunveer MD"]
[Black "Priya Panneer, Ramachandran"]
[Result "1-0"]
[WhiteElo "2300"]
[BlackElo "2129"]
[PlyCount "107"]
[EventDate "2007.12.03"]
[EventType "swiss"]
[EventRounds "10"]
[EventCountry "IND"]
[SourceTitle "CBM 121 Extra"]
[Source "ChessBase"]
[SourceDate "2008.01.10"]
[SourceVersion "1"]
[SourceVersionDate "2008.01.10"]
[SourceQuality "1"]

1. e4 e5 2. Nf3 Nf6 3. Nxe5 d6 4. Nf3 Nxe4 5. Qe2 Qe7 6. d3 Nf6 7. Bg5 Qxe2+ 8. Bxe2 Be7 9. Nc3 c6 10. 0-0-0 Na6 11. Rhe1 Nc7 12. Ne4 Nxe4 13. dxe4 Ne6 14. Bxe7 Kxe7 15. Nh4 g6 16. g3 Rd8 17. f4 Kf8 18. Bf3 g5 19. Ng2 gxf4 20. gxf4 f6 21. Rd2 Ke7 22. Red1 Rb8 23. h4 b6 24. f5 Nc5 25. Ne3 Ba6 26. Rg2 Rg8 27. Rdg1 Rxg2 28. Rxg2 Rb7 29. b4 Nd7 30. Rg7+ Kf8 31. Rxh7 Ne5 32. Rxb7 Bxb7 33. Be2 d5 34. exd5 cxd5 35. c3 Kg7 36. Kd2 Bc8 37. a3 Bd7 38. b5 Bc8 39. Ke1 Kh8 40. Nxd5 Bxf5 41. Nxf6 Ng6 42. h5 Nf4 43. Ng8 Kh7 44. Ne7 Bd7 45. a4 Be8 46. Nc8 Nxe2 47. Kxe2 Bxh5+ 48. Kd2 Bf7 49. Kc2 Kg6 50. Nxa7 Be6 51. Nc6 Kf6 52. a5 bxa5 53. b6 Bc8 54. Nxa5 1-0

[Event "Dhaka zt 3.2"]
[Site "Dhaka"]
[Date "2007.08.28"]
[Round "8"]
[White "Gillani, Tunveer MD"]
[Black "Reefat, Bin Sattar"]
[Result "1/2-1/2"]
[WhiteElo "2286"]
[BlackElo "2472"]
[PlyCount "101"]
[EventDate "2007.08.23"]
[EventType "tourn"]
[EventRounds "11"]
[EventCountry "BAN"]
[EventCategory "7"]
[SourceTitle "CBM 120 Extra"]
[Source "ChessBase"]
[SourceDate "2007.11.01"]
[SourceVersion "1"]
[SourceVersionDate "2007.11.01"]
[SourceQuality "1"]

1. e4 e6 2. d4 d5 3. Nd2 a6 4. c3 c5 5. a3 Nc6 6. Ngf3 Nf6 7. Bd3 cxd4 8. cxd4 dxe4 9. Nxe4 Be7 10. 0-0 0-0 11. Bc2 Qd5 12. Qd3 Nxe4 13. Qxe4 Qxe4 14. Bxe4 Rd8 15. Be3 Na5 16. Rac1 Bd7 17. Ne5 Bb5 18. Rfe1 f6 19. Nf3 Rac8 20. Bf4 Rxc1 21. Rxc1 Bc6 22. Bc7 Bxe4 23. Bxa5 Rd7 24. Rc7 Rxc7 25. Bxc7 Bxf3 26. gxf3 Kf7 27. Kf1 Ke8 28. Ke2 Kd7 29. Bb8 Kc6 30. Kd3 Kd5 31. Bc7 g6 32. h3 b5 33. Bf4 Bd8 34. Bd2 h5 35. f4 Bb6 36. Be3 Ba5 37. b3 Bc7 38. Bc1 Bd6 39. f3 Bf8 40. Bb2 Be7 41. Bc1 Bd6 42. Kc3 Bc7 43. Kd3 Ba5 44. Bb2 Be1 45. Bc1 Ba5 46. Bb2 Bd8 47. Bc3 Be7 48. Bb2 Bf8 49. Bc1 Bh6 50. Be3 Bf8 51. Bc1 1/2-1/2

[Event "Dhaka zt 3.2"]
[Site "Dhaka"]
[Date "2007.08.25"]
[Round "4"]
[White "Gillani, Tunveer MD"]
[Black "Gopal, Geetha Narayanan"]
[Result "0-1"]
[WhiteElo "2286"]
[BlackElo "2480"]
[PlyCount "94"]
[EventDate "2007.08.23"]
[EventType "tourn"]
[EventRounds "11"]
[EventCountry "BAN"]
[EventCategory "7"]
[SourceTitle "CBM 120 Extra"]
[Source "ChessBase"]
[SourceDate "2007.11.01"]
[SourceVersion "1"]
[SourceVersionDate "2007.11.01"]
[SourceQuality "1"]

1. e4 c5 2. Nf3 d6 3. c3 Nf6 4. e5 dxe5 5. Nxe5 Nbd7 6. Bb5 a6 7. Qb3 e6 8. Bxd7+ Nxd7 9. Nxd7 Qxd7 10. 0-0 b5 11. d4 Bb7 12. Be3 Be7 13. Nd2 cxd4 14. Bxd4 e5 15. Be3 Qc6 16. f3 0-0 17. a4 Rad8 18. axb5 axb5 19. Ne4 Rd3 20. Bf2 Kh8 21. Ra5 Rd5 22. Ra7 Rd7 23. Ra5 f5 24. Ng3 e4 25. Qxb5 Qxb5 26. Rxb5 e3 27. Bxe3 f4 28. Bxf4 Rxf4 29. Re1 Kg8 30. Nf5 Bf8 31. Nd4 Rff7 32. Re8 Rfe7 33. Rb8 g6 34. h4 Kf7 35. Nf5 Bc6 36. Ra5 Re8 37. Rxe8 Rd1+ 38. Kh2 Kxe8 39. Ng3 Bd6 40. Ra6 Bd7 41. b4 Ke7 42. Ra2 Rd3 43. Rc2 h5 44. c4 Rd4 45. Re2+ Kd8 46. Re4 Rxe4 47. fxe4 Bxb4 0-1

[Event "Asia Cities-ch 15th"]
[Site "Tehran"]
[Date "2007.03.03"]
[Round "3.8"]
[White "Obada, Ahmad Azeezjawad"]
[Black "Gillani, Tunveer MD"]
[Result "1-0"]
[WhiteElo "2300"]
[BlackElo "2299"]
[PlyCount "94"]
[EventDate "2007.03.02"]
[EventType "team-swiss"]
[EventRounds "9"]
[EventCountry "IRI"]
[SourceTitle "EXT 2020"]
[Source "ChessBase"]
[SourceDate "2019.10.17"]
[SourceVersion "1"]
[SourceVersionDate "2019.10.17"]
[SourceQuality "1"]
[WhiteTeam "Sulaymaniyah"]
[BlackTeam "Lahore"]
[WhiteTeamCountry "IRQ"]
[BlackTeamCountry "PAK"]

1. e4 c5 2. Nf3 Nc6 3. d4 cxd4 4. Nxd4 e5 5. Nb5 a6 6. Nd6+ Bxd6 7. Qxd6 Qf6 8. Qc7 Nge7 9. Nc3 Nb4 10. Bd3 d5 11. 0-0 d4 12. Na4 Nxd3 13. cxd3 Qc6 14. Qxc6+ Nxc6 15. Nb6 Rb8 16. b3 Nb4 17. Ba3 a5 18. Bxb4 axb4 19. Rac1 Be6 20. Rc5 f6 21. Rb5 0-0 22. Rxb4 Rfd8 23. Rc1 f5 24. f3 fxe4 25. fxe4 Rd6 26. a4 Rf8 27. h3 Bxh3 28. Nc4 Rc6 29. Rxb7 Bxg2 30. Rb6 Rxb6 31. Nxb6 Bf3 32. Nd7 Re8 33. Rc5 Bg4 34. Nxe5 Bd1 35. a5 Bxb3 36. a6 Ra8 37. a7 Ba4 38. Ra5 Be8 39. Nc4 Bc6 40. Nb6 Re8 41. a8Q Bxa8 42. Rxa8 Rxa8 43. Nxa8 Kf7 44. Nc7 Kf6 45. Nb5 Ke5 46. Kf2 g5 47. Kg3 h5 1-0

[Event "Olympiad-37"]
[Site "Turin"]
[Date "2006.05.25"]
[Round "5"]
[White "Murara, Maxence"]
[Black "Gillani, Tunveer MD"]
[Result "0-1"]
[WhiteElo "1681"]
[BlackElo "2279"]
[PlyCount "56"]
[EventDate "2006.05.21"]
[EventType "team-swiss"]
[EventRounds "13"]
[EventCountry "ITA"]
[SourceTitle "CBM 113"]
[Source "ChessBase"]
[SourceDate "2006.07.31"]
[SourceVersion "1"]
[SourceVersionDate "2006.07.31"]
[SourceQuality "1"]
[WhiteTeam "Rwanda"]
[BlackTeam "Pakistan"]
[WhiteTeamCountry "RWA"]
[BlackTeamCountry "PAK"]

1. Nf3 c5 2. g3 Nc6 3. Bg2 d5 4. d3 Nf6 5. 0-0 Bg4 6. h3 Bf5 7. Nbd2 Qd7 8. c4 Bxh3 9. Bxh3 Qxh3 10. cxd5 Nxd5 11. Qb3 Qd7 12. Nc4 f6 13. Re1 e5 14. e4 Ndb4 15. Rd1 0-0-0 16. Be3 Be7 17. a3 Na6 18. Rac1 Kb8 19. Qa2 Rc8 20. Rb1 Nd4 21. Nxd4 cxd4 22. Bd2 h5 23. Kg2 h4 24. Rh1 hxg3 25. fxg3 Qg4 26. Be1 Rxh1 27. Kxh1 Qf3+ 28. Kg1 Rh8 0-1

[Event "Olympiad-36"]
[Site "Mallorca"]
[Date "2004.10.15"]
[Round "1"]
[White "Dominguez Perez, Leinier"]
[Black "Gillani, Tunveer MD"]
[Result "1-0"]
[WhiteElo "2645"]
[BlackElo "2277"]
[PlyCount "49"]
[EventDate "2004.10.15"]
[EventType "team-swiss"]
[EventRounds "14"]
[EventCountry "ESP"]
[SourceTitle "CBM 104"]
[Source "ChessBase"]
[SourceDate "2005.01.27"]
[SourceVersion "1"]
[SourceVersionDate "2005.01.27"]
[SourceQuality "1"]
[WhiteTeam "Cuba"]
[BlackTeam "Pakistan"]
[WhiteTeamCountry "CUB"]
[BlackTeamCountry "PAK"]

1. e4 c5 2. Nf3 Nc6 3. d4 cxd4 4. Nxd4 e5 5. Nb5 a6 6. Nd6+ Bxd6 7. Qxd6 Qf6 8. Qxf6 Nxf6 9. Nc3 Nb4 10. Kd2 d5 11. a3 d4 12. axb4 dxc3+ 13. Ke3 cxb2 14. Bxb2 0-0 15. f3 Nd7 16. Be2 Re8 17. Rhd1 Nf8 18. Bb5 axb5 19. Rxa8 f6 20. Rb8 Kf7 21. Rd5 Bd7 22. Rxb7 Ke6 23. Rb6+ Ke7 24. c4 bxc4 25. b5 1-0

[Event "Olympiad-34"]
[Site "Istanbul"]
[Date "2000.11.07"]
[Round "10.2"]
[White "Hernandez Basante, Francisco"]
[Black "Gillani, Tunveer MD"]
[Result "1/2-1/2"]
[WhiteElo "2309"]
[BlackElo "2255"]
[PlyCount "175"]
[EventDate "2000.10.28"]
[EventType "team-swiss"]
[EventRounds "14"]
[EventCountry "TUR"]
[SourceTitle "EXT 2001"]
[Source "ChessBase"]
[SourceDate "2000.11.22"]
[SourceVersion "1"]
[SourceVersionDate "2000.11.22"]
[SourceQuality "1"]
[WhiteTeam "Costa Rica"]
[BlackTeam "Pakistan"]
[WhiteTeamCountry "CRI"]
[BlackTeamCountry "PAK"]

1. e4 e5 2. Nf3 Nc6 3. d4 exd4 4. Nxd4 Nxd4 5. Qxd4 d6 6. Bc4 Ne7 7. Nc3 c6 8. Bf4 Ng6 9. Bg3 Be6 10. 0-0-0 Bxc4 11. Qxc4 Qg5+ 12. Kb1 Ne5 13. Qb4 Qe7 14. Bxe5 dxe5 15. Qxe7+ Bxe7 16. Rd3 b5 17. Rhd1 Rd8 18. Rxd8+ Bxd8 19. Rd6 Ba5 20. Rxc6 Kd7 21. Ra6 Bxc3 22. Rxa7+ Ke6 23. bxc3 Rd8 24. Kc1 Rd6 25. Rb7 Rc6 26. Rxb5 Rxc3 27. Rd5 Rc4 28. f3 f5 29. Rd2 fxe4 30. fxe4 Rxe4 31. c3 Re1+ 32. Kc2 e4 33. Rd1 Re2+ 34. Rd2 Re1 35. Kb3 e3 36. Rc2 e2 37. Kc4 Kd6 38. Rd2+ Kc6 39. a4 Ra1 40. Rxe2 Rxa4+ 41. Kd3 Ra7 42. c4 Rd7+ 43. Kc3 Kc5 44. Re5+ Kc6 45. g4 h6 46. Kb4 Rd2 47. h3 Rb2+ 48. Kc3 Rg2 49. Kd3 Rg3+ 50. Re3 Rg1 51. Kd4 Rf1 52. Re6+ Kd7 53. Rg6 Rf7 54. c5 Kc7 55. Kd5 Re7 56. Rc6+ Kb8 57. Kd6 Rf7 58. Rb6+ Ka8 59. Rb3 Rf6+ 60. Ke7 Rc6 61. Rc3 Kb7 62. Kf7 g6 63. Rb3+ Kc7 64. Rb6 Rxc5 65. Rxg6 h5 66. gxh5 Rxh5 67. Rg3 Kd7 68. Rd3+ Kc6 69. Kf6 Kc5 70. Kg6 Rh4 71. Kg5 Ra4 72. h4 Kc4 73. Rf3 Ra5+ 74. Rf5 Ra1 75. h5 Rg1+ 76. Kf6 Rh1 77. Rg5 Ra1 78. h6 Ra6+ 79. Kg7 Ra7+ 80. Kg6 Ra6+ 81. Kh7 Ra7+ 82. Rg7 Kd4 83. Kg6 Ke4 84. Rf7 Ra6+ 85. Kg7 Ra1 86. h7 Rg1+ 87. Kf8 Rh1 88. Kg8 1/2-1/2

[Event "Olympiad-34"]
[Site "Istanbul"]
[Date "2000.11.04"]
[Round "7.2"]
[White "Wohl, Aleksandar H"]
[Black "Gillani, Tunveer MD"]
[Result "1-0"]
[WhiteElo "2461"]
[BlackElo "2255"]
[PlyCount "109"]
[EventDate "2000.10.28"]
[EventType "team-swiss"]
[EventRounds "14"]
[EventCountry "TUR"]
[SourceTitle "EXT 2001"]
[Source "ChessBase"]
[SourceDate "2000.11.22"]
[SourceVersion "1"]
[SourceVersionDate "2000.11.22"]
[SourceQuality "1"]
[WhiteTeam "Australia"]
[BlackTeam "Pakistan"]
[WhiteTeamCountry "AUS"]
[BlackTeamCountry "PAK"]

1. Nf3 c5 2. g3 Nf6 3. Bg2 Nc6 4. 0-0 d5 5. d4 e6 6. c4 dxc4 7. Ne5 Bd7 8. Na3 cxd4 9. Naxc4 Be7 10. Qb3 Nxe5 11. Nxe5 Qb6 12. Qxb6 axb6 13. Bxb7 Ra7 14. Bf3 0-0 15. Rd1 Bc5 16. Bf4 Nd5 17. Bxd5 exd5 18. Nxd7 Rxd7 19. a3 Re8 20. Kf1 h6 21. b4 Be7 22. Rac1 Bf6 23. Rc6 Re6 24. Rc2 Ra7 25. Bc1 Rd7 26. Rd3 Kf8 27. Bb2 Re4 28. Rc6 Rde7 29. Rc8+ Re8 30. Rxe8+ Kxe8 31. f3 Re7 32. Bxd4 Bxd4 33. Rxd4 Rd7 34. Ke1 Ke7 35. Kd2 Ra7 36. Rd3 Ke6 37. Kc2 Ke5 38. Kb3 Rc7 39. Rc3 Rb7 40. Re3+ Kd4 41. Rd3+ Ke5 42. Ka4 b5+ 43. Ka5 Rb8 44. Ka6 d4 45. Ka7 Rc8 46. Kb6 Rc2 47. e3 Rxh2 48. exd4+ Kd5 49. Kxb5 h5 50. a4 g5 51. a5 f5 52. a6 Ra2 53. Rd1 Ra3 54. Rh1 Rxf3 55. Ra1 1-0

[Event "Olympiad-34"]
[Site "Istanbul"]
[Date "2000.10.31"]
[Round "4.2"]
[White "Rahman, Ziaur"]
[Black "Gillani, Tunveer MD"]
[Result "1-0"]
[WhiteElo "2421"]
[BlackElo "2255"]
[PlyCount "157"]
[EventDate "2000.10.28"]
[EventType "team-swiss"]
[EventRounds "14"]
[EventCountry "TUR"]
[SourceTitle "EXT 2001"]
[Source "ChessBase"]
[SourceDate "2000.11.22"]
[SourceVersion "1"]
[SourceVersionDate "2000.11.22"]
[SourceQuality "1"]
[WhiteTeam "Bangladesh"]
[BlackTeam "Pakistan"]
[WhiteTeamCountry "BAN"]
[BlackTeamCountry "PAK"]

1. Nf3 d5 2. d4 Nf6 3. c4 e6 4. g3 Be7 5. Bg2 0-0 6. 0-0 Nbd7 7. Qc2 c6 8. b3 Ne4 9. Nbd2 f5 10. Bb2 Rf6 11. Rad1 Nf8 12. Ne5 Nxd2 13. Qxd2 Ng6 14. Nd3 Rf8 15. e3 Bf6 16. Qc2 Rb8 17. a4 Rf7 18. Ba3 Be7 19. Bxe7 Rxe7 20. Qc3 Bd7 21. Rd2 Be8 22. Rc1 Bf7 23. cxd5 cxd5 24. Rdc2 Be8 25. Qc5 Qb6 26. Qa3 Qd8 27. h4 h6 28. Bf1 Nf8 29. Qc5 Ra8 30. Qb4 g5 31. hxg5 hxg5 32. Rc8 Rxc8 33. Rxc8 Qxc8 34. Qxe7 g4 35. Nc5 Bc6 36. b4 b6 37. b5 Be8 38. Nd3 Qd7 39. Qa3 Qc7 40. Nb4 Qd6 41. Qc3 Kg7 42. Na6 Bd7 43. a5 Kf7 44. axb6 axb6 45. Nb4 Kf6 46. Qa3 Kf7 47. Qa4 Ng6 48. Nc6 Qc7 49. Qa8 Kg7 50. Kg2 Kf7 51. Be2 Kf6 52. Qa4 Ne7 53. Ne5 Ng6 54. Qa8 Nxe5 55. Qh8+ Kg6 56. dxe5 Qc8 57. Qf6+ Kh7 58. Qe7+ Kg8 59. Qd6 Qb7 60. f3 Qa7 61. fxg4 Qa2 62. Kf1 Bxb5 63. Qxe6+ Kh8 64. Bxb5 Qb1+ 65. Kf2 Qxb5 66. gxf5 Qd3 67. Qe8+ Kh7 68. Qh5+ Kg8 69. f6 Qc2+ 70. Kg1 Qb1+ 71. Kh2 Qc2+ 72. Kh3 Qc8+ 73. g4 Qe6 74. Kh4 d4 75. exd4 b5 76. Qg6+ Kf8 77. Qg7+ Ke8 78. d5 Qf7 79. e6 1-0